ODI Double Centurions - Statistics

General Stats
  • This quiz has been taken 34 times
  • The average score is 9 of 11
Answer Stats
Score Cricketer % Correct
264 Rohit Sharma
100%
209 Rohit Sharma
100%
208* Rohit Sharma
100%
215 Chris Gayle
88%
200* Sachin Tendulkar
88%
210 Ishan Kishan
76%
237* Martin Guptill
76%
208 Shubman Gill
76%
219 Virender Sehwag
72%
201* Glenn Maxwell
64%
210* Fakhar Zaman
52%
No matching quizzes found
Score Distribution
Percent of People with Each Score
Percentile by Number Answered
Your Score History
You have not taken this quiz